Trabajos preparatorios del nuevo código de procedimiento penal. (Registro nro. 320556)
[ vista simple ]
| 000 -ENCABEZADO | |
|---|---|
| Número de control [NR] | 01512nam a2200265Ia 4500 |
| 005 - FECHA Y HORA DE LA ÚLTIMA TRANSACCIÓN | |
| control field | 20220210145826.0 |
| 008 - DE LONGITUD FIJA DE DATOS DE ELEMENTOS - INFORMACIÓN GENERAL | |
| Elementos de longitud fija [NR] | 130821s1937 ck frl spa |
| 040 ## - FUENTE DE CATALOGACION [NR] | |
| Agencia de catalogación original [NR] | Co-BoUCM |
| Idioma de catalogación [NR] | spa |
| Quien Cataloga | Sandra Yazo |
| Quien Clasifica | Sandra Yazo |
| 041 00 - CODIGO DE IDIOMA [R] | |
| Código de idioma para texto/pista de sonido o título separado [R] | Español |
| 082 04 - NUMERO DE CLASIFICACION DECIMAL DEWEY [R] | |
| Número de clasificación [R] | 345.05 |
| Número de la edición [NR] | 20 |
| 092 ## - SIGNATURA TOPOGRAFICA LOCAL | |
| Número de clasificación local | E51N089 |
| 110 1# - ASIENTO PRINCIPAL--NOMBRE CORPORATIVO [NR] | |
| Nombre corporativo o de jurisdicción como elemento de entrada [NR] | Colombia. |
| Unidad subordinada [R] | Ministerio de Gobierno. |
| -- | Comisión de Asuntos Penales y Penitenciarios |
| ID de autoridad | 129741 |
| 245 00 - MENCION DE TITULO [NR] | |
| Título [NR] | Trabajos preparatorios del nuevo código de procedimiento penal. |
| Parte restante del título [NR] | Actas de la Comisión de Asuntos Penales y Penitenciarios. |
| Número de la parte/sección de la obra [R] | Tomo I. |
| Nombre de la parte/sección de la obra [R] | Parte General |
| 260 ## - PUBLICACION, DISTRIBUCION, ETC. (PIE DE IMPRENTA) [R] | |
| Lugar de publicación, distribución, etc. [R] | Bogotá (Colombia) |
| Nombre del editor, distribuidor, etc. [R] | Imprenta Nacional |
| Fecha de publicación, distribución, etc. [R] | 1937 |
| 300 ## - DESCRIPCION FISICA [R] | |
| Extensión [R] | 346 páginas |
| Dimensiones [R] | 25 x 27 cm. |
| 500 ## - NOTA GENERAL [R] | |
| Nota general [NR] | Detalles físicos: Encuadernación rústica (cartulina). Tapa delantera impresa en dos tintas, con datos publicación de la obra. Hojas cosidas con ganchos. Portada impresa en una sola tinta. Texto impreso en una columna, con diferentes tipos y tamaños de letra. Márgenes amplios. Índice. Tapa delantera y lomo, con rasgaduras en cartulina. Portada rasgada (pegada a tapa delantera). |
| 505 ## - NOTA DE CONTENIDO CON FORMATO PREESTABLECIDO [R] | |
| Nota de contenido con formato preestablecido [NR] | V.1: Plan de trabajo de la Comisión ; Disposiciones Generales -- Libro I: De los delitos y las sanciones en general (Título I a V) |
| 506 ## - NOTA DE RESTRICCIONES DE ACCESO [R] | |
| Condiciones de acceso [NR] | Consulta en sala |
| 650 04 - ASIENTO SECUNDARIO DE MATERIA - TERMINO TEMATICO [R] | |
| 9 (RLIN) | 7971 |
| Término temático o nombre geográfico como elemento de entrada [NR] | Procedimiento penal |
| 650 07 - ASIENTO SECUNDARIO DE MATERIA - TERMINO TEMATICO [R] | |
| Término temático o nombre geográfico como elemento de entrada [NR] | Derecho penal |
| 9 (RLIN) | 12805 |
| Subdivisión cronológica [R] | 1937 |
| Subdivisión geográfica [R] | Colombia |
| 650 07 - ASIENTO SECUNDARIO DE MATERIA - TERMINO TEMATICO [R] | |
| Término temático o nombre geográfico como elemento de entrada [NR] | Proceso (Derecho) |
| 9 (RLIN) | 22372 |
| 650 07 - ASIENTO SECUNDARIO DE MATERIA - TERMINO TEMATICO [R] | |
| Término temático o nombre geográfico como elemento de entrada [NR] | Legislación |
| 9 (RLIN) | 7782 |
| Subdivisión cronológica [R] | 1937 |
| Subdivisión geográfica [R] | Colombia |
| 690 ## - ASUNTO AGREGADO LOCAL DE ENTRADA - TÉRMINO TEMÁTICO (OCLC, RLIN) | |
| Acceso temático local | Derecho penal |
| 9 (RLIN) | 12805 |
| 942 ## - ELEMENTOS DE ENTRADA AGREGADOS (KOHA) | |
| Tipo de ítem principal el descrito en 300a | Libro |
| Tema principal | 8 |
| Edición | 1 |
| Sistema de clasificación | LOCAL |
| Clasificación | E51N089 |
| Suprimido | Perdido | Sistema de clasificación | Dañado | No prestable | Tipo de ítem específico | Ubicación habitual | Ubicación actual | Localización | Fecha de creación | Forma de adquisición | Costo | Total préstamos | Signatura topográfica | Código de barras | Última vez visto | Ejemplar | Price effective from | Tipo de ítem |
|---|---|---|---|---|---|---|---|---|---|---|---|---|---|---|---|---|---|---|
| LOCAL | Libro archivo | Archivo Histórico | Archivo Histórico | Archivo histórico | 10/02/2022 | Donación | 0.00 | E51N089 | L010688 | 10/02/2022 | Ej.1 | 10/02/2022 | Libro |